000
00212nam a22000857a 4500
008
160908b xxu||||| |||| 00| 0 eng d
100
_9
334
_a
Pan
245
_a
Hindi Stories-7
260
_a
New Delhi
_b
A.P publication
_c
2009
999
_c
2994
_d
2994